| 000 | 00638nam a2200193Ia 4500 | ||
|---|---|---|---|
| 003 | IN-BaIIA | ||
| 008 | 211028s9999 xx 000 0 eng d | ||
| 020 | _a81-88689-79-3 | ||
| 040 | _cIIA Library | ||
| 080 |
_a530.145 _bATK-2 |
||
| 100 |
_aAtkinson, David _930997 |
||
| 245 | 0 |
_aQuantum field theory _bvol. 2, a self-contained course _cDavid Atkinson and Porter Wear Johnson |
|
| 260 |
_aNew Delhi _bOverseas Press _c2007 |
||
| 300 | _a207p. | ||
| 650 |
_aQuantum field theory _96197 |
||
| 650 |
_aQuantum mechanics-Exercises _930998 |
||
| 700 |
_aJohnson, Porter Wear _930999 |
||
| 942 | _cBK | ||
| 999 |
_c16633 _d16633 |
||